[Event "GER-chT School WK GS"]
[Site "Playchess.com INT"]
[Date "2020.06.11"]
[Round "2.2"]
[White "Hoffmann, Lucas"]
[Black "Kuehn, Konstantin Emanuel"]
[Result "0-1"]
[WhiteElo "1449"]
[BlackElo "1520"]
[PlyCount "64"]
[EventDate "2020.06.11"]
[EventType "team-swiss (blitz)"]
[EventRounds "7"]
[EventCountry "GER"]
[SourceTitle "EXT 2021"]
[Source "ChessBase"]
[SourceDate "2020.10.23"]
[SourceVersion "1"]
[SourceVersionDate "2020.10.23"]
[SourceQuality "1"]
[WhiteTeam "Trier Tarf RP"]
[BlackTeam "Frankfurt Oder"]
[WhiteTeamCountry "GER"]
[BlackTeamCountry "GER"]

1. e4 e5 2. Nf3 Nc6 3. Bc4 Nf6 4. Nc3 Bc5 5. d3 h6 6. h3 0-0 7. Bd2 d6 8. Nd5 a6 9. 0-0 b5 10. Bb3 a5 11. a3 a4 12. Ba2 Be6 13. Nxf6+ Qxf6 14. Bxe6 Qxe6 15. Be1 b4 16. axb4 Bxb4 17. c3 Bc5 18. Rxa4 Rxa4 19. Qxa4 Ne7 20. b4 Bb6 21. Bd2 Ng6 22. d4 exd4 23. cxd4 Qxe4 24. Bc3 Nf4 25. Re1 Qd3 26. Qb3 Ne2+ 27. Kf1 Nxc3+ 28. Re2 Qxe2+ 29. Kg1 Ne4 30. Kh2 Qxf2 31. Ng1 Bxd4 32. Qd3 Qxg1# 0-1

[Event "GER Pfingstopen U12"]
[Site "Playchess.com INT"]
[Date "2020.06.02"]
[Round "7"]
[White "Gnokam Barat, Josh"]
[Black "Kuehn, Konstantin Emanuel"]
[Result "1/2-1/2"]
[WhiteElo "1620"]
[BlackElo "1590"]
[PlyCount "84"]
[EventDate "2020.06.02"]
[EventType "swiss (blitz)"]
[EventRounds "11"]
[EventCountry "GER"]
[SourceTitle "CBM 197 Extra"]
[Source "ChessBase"]
[SourceDate "2020.09.30"]
[SourceVersion "1"]
[SourceVersionDate "2020.09.30"]
[SourceQuality "1"]

1. e4 e5 2. Nf3 Nc6 3. Bc4 Nf6 4. d3 h6 5. c3 Bc5 6. Nbd2 0-0 7. Nf1 d6 8. Ng3 Bg4 9. h3 Bh5 10. Nf5 a6 11. 0-0 b5 12. Bd5 Nxd5 13. exd5 Ne7 14. g4 Bg6 15. N3h4 Nxf5 16. Nxf5 Bxf5 17. gxf5 Qg5+ 18. Bxg5 hxg5 19. d4 exd4 20. cxd4 Bb6 21. Qh5 Bxd4 22. Qxg5 Bxb2 23. Rab1 Bf6 24. Qg4 Rfe8 25. Rb4 Bc3 26. Rb3 Be5 27. Qh5 f6 28. Rb4 Re7 29. Rg4 Rb8 30. Qh6 a5 31. Rg6 Rf8 32. Re1 b4 33. Re4 Rd7 34. Reg4 Rff7 35. Rh4 Kf8 36. Qh8+ Ke7 37. Re4 Rd8 38. Qxg7 Rxg7 39. Rxg7+ Kf8 40. Reg4 Re8 41. Rg8+ Ke7 42. R4g7+ Kd8 1/2-1/2

[Event "GER Pfingstopen U12"]
[Site "Playchess.com INT"]
[Date "2020.06.02"]
[Round "5"]
[White "Haug, Mara"]
[Black "Kuehn, Konstantin Emanuel"]
[Result "1-0"]
[WhiteElo "1620"]
[BlackElo "1590"]
[PlyCount "110"]
[EventDate "2020.06.02"]
[EventType "swiss (blitz)"]
[EventRounds "11"]
[EventCountry "GER"]
[SourceTitle "CBM 197 Extra"]
[Source "ChessBase"]
[SourceDate "2020.09.30"]
[SourceVersion "1"]
[SourceVersionDate "2020.09.30"]
[SourceQuality "1"]

1. e4 e5 2. Nf3 Nc6 3. Bc4 Nf6 4. Ng5 d5 5. exd5 Nxd5 6. Nxf7 Kxf7 7. Qf3+ Ke6 8. Nc3 Nd4 9. Qxd5+ Qxd5 10. Bxd5+ Ke7 11. Kd1 Bg4+ 12. f3 Bf5 13. d3 Rb8 14. Bg5+ Ke8 15. Re1 Bd6 16. Nb5 h6 17. Bh4 Nxb5 18. f4 Bg4+ 19. Kd2 Kd7 20. fxe5 Be7 21. Bxe7 Kxe7 22. h3 Bh5 23. c3 c6 24. Be4 Ke6 25. d4 Nc7 26. c4 Rbd8 27. Kc3 b5 28. Bxc6 bxc4 29. Kxc4 Bf7 30. a3 Ke7+ 31. Kc3 Bd5 32. Bxd5 Nxd5+ 33. Kc4 Ke6 34. Re2 a6 35. Rf1 Rc8+ 36. Kd3 g6 37. Ref2 Ke7 38. Rf7+ Ke6 39. Rg7 g5 40. Rg6+ Ke7 41. Rxa6 Rhf8 42. Ra7+ Rc7 43. Rxc7+ Nxc7 44. Rxf8 Kxf8 45. Kc4 Ke7 46. d5 Ne8 47. Kc5 Kd7 48. e6+ Ke7 49. Kc6 Nd6 50. b4 Nc4 51. a4 Ne5+ 52. Kc7 Nc4 53. a5 Nd6 54. a6 Nb5+ 55. Kb6 Nd6 1-0